000 00828nam a2200253Ia 4500
003 OSt
005 20220918163658.0
006 a|||||r|||| 00| 0
007 ta
008 220917b |||||||| |||| 00| 0 eng d
020 _a0198099177 (hbk)
_c1445
024 _a283,926
037 _bCBS/224, 16/01/2015, Classic Book Service
_cTextual
040 _aARTS
_cARTS
_beng
041 _2eng
_aeng
082 _aV2:81.P1, Q4
100 _aPalshikar Suhas Ed.
_914520
245 0 _aParty competition in Indian states
_b Electoral politics in post congress polity
260 _aNew Delhi
_bOxford University Press India
_c2014
300 _axxvii,563p.
_ccm.
650 _aHISTORY
942 _hV2:81.P1, Q4
_cTEXL
_2CC
999 _c120757
_d120757